Geometry Dash - Most Downloaded 2022 Levels - Statistics

General Stats
  • This quiz has been taken 10 times
  • The average score is 11 of 20
Answer Stats
Publisher Difficulty ID Answer Downloads % Correct
bli Easy Demon 83158255 Absolute Garbage 3,100,000
100%
MindCap Extreme Demon 86084399 LIMBO 14,500,000
100%
OddMod Insane Demon 82824219 MikuMikuMikuMiku 11,700,000
100%
vortrox Extreme Demon 85383554 Stereo Extremeness 5,600,000
100%
OniLinkGD Extreme Demon 86407629 Tidal Wave 19,000,000
100%
Xender Game Easy Demon 77292103 White Space 4,100,000
100%
MrSpaghetti Easy Demon 77428474 Bloudeleuste 3,000,000
67%
RoyalP Easy Demon 83294687 Caput Mundi 7,300,000
67%
Subwoofer Easy Demon 80218929 CRUSH 8,600,000
67%
IvashkaUA Extreme Demon 77114615 doradura 3,200,000
67%
TroxxP1 Easy Demon 83323273 Ruta del Sol 10,100,000
67%
Jghost Easy Demon 83323867 Fizzy Fossils 2,700,000
33%
Split72 Easy Demon 86315312 FOUR WHEEL DRIVE 3,100,000
33%
Nova4664 Easy Demon 81863904 Luminescent 3,100,000
33%
NeonDusk Harder 83313115 Nivel 9,000,000
33%
Unzor Hard 82357008 United 4,100,000
33%
Splinter25 Hard 82261821 Assembly line 5,300,000
0%
DHaner Easy 78743788 Cloudy 5,800,000
0%
Zhak Hard 85219434 In Deepestiner 4,400,000
0%
divikair Easy Demon 82624251 POINTBREAK 3,400,000
0%
No matching quizzes found
Score Distribution
Percent of People with Each Score
Percentile by Number Answered
Your Score History
You have not taken this quiz